Polskie miasta na literę a. - Statystyki

Ogólne statystyki
  • Ten quiz został rozwiązany 18 razy
  • Średni wynik to 4 z 6
Statystyki odpowiedzi
Miasto % Poprawnych
Augustów
94%
Aleksandrów Kujawski
59%
Andrychów
59%
Annopol
59%
Aleksandrów Łódzki
53%
Alwernia
35%
Nie znaleziono quizów pasujących do podanych kryteriów
Rozkład punktacji
Procent ludzi z każdym wynikiem
Percentyl według liczby udzielonych odpowiedzi
Twoja historia wyników
Nie rozwiązałeś tego quizu